Movies Quiz

Random Movies or Role Quiz
Score 0/64 Timer 10:00
0 Plays Today
year film % Correct
1988die hard
96.3%
1990die hard 2
92.1%
1995die hard with a vengeance
73.8%
1994pulp fiction
64.5%
1999the sixth sense
64.5%
1991hudson hawk
53.3%
1997fifth element
52.3%
2000the whole nine yards
48.6%
1998armageddon
46.7%
1997the jackal
45.3%
2004the whole ten yards
44.9%
2000unbreakable
44.4%
2004oceans twelve
43.9%
1995twelve monkeys
42.1%
1980the first deadly sin
40.2%
1991the last boy scout
38.8%
2005sin city
38.3%
1989look whos talking
37.9%
2003tears of the sun
37.9%
2006over the hedge
37.9%
1998mercury rising
32.2%
200616 blocks
32.2%
1990look whos talking too
30.8%
1992death becomes her
29.9%
2005hostage
29.9%
1987blind date
29%
2000disneys the kid
28%
2002harts war
28%
1996last man standing
25.7%
1998the siege
25.2%
2006lucky number slevin
24.8%
1999the story of us
24.3%
year film % Correct
2007live free and die hard
24.3%
2009surrogates
23.4%
1993striking distance
22.9%
1994color of night
22.4%
1990the bonfire of the vanities
20.6%
1994north
20.1%
2001bandits
15%
2003rugrats go wild
14.5%
2006alpha dog
14%
1991billy bathgate
13.1%
1996beavis and the butt-head do america
13.1%
1988sunset
12.6%
1991mortal thoughts
12.6%
1999breakfast of champions
12.6%
2007perfect stranger
12.6%
1989in country
11.7%
1992the player
11.7%
1994nobodys fool
11.2%
1995four rooms
11.2%
2006fast food nation
10.7%
2007grindhouse
10.7%
1982the verdict
10.3%
2003charlies angels:full throttle
8.9%
2008assassination of a high school president
8.9%
2008what just happened
7.9%
1993national lampoon's loaded weapon 1
6.5%
2002grand champion
5.6%
2007the astronaut farmer
5.6%
2007nancy drew
5.6%
1988the return of bruno
5.1%
1989that's adequate
3.7%
1999frankie goes to hollywood
1.4%

You're not logged in!

Compare scores with friends on all Sporcle quizzes.
OR
Log In

Sporcle TV

Today on Sporcle TV


Watch our educational content, quiz creation guides, and fun videos on Sporcle TV.

Show Comments

Extras

Created Dec 13, 2009ReportNominate
Tags:Role Quiz, bruce, star

Top Quizzes Today


Score Distribution

Paid Content

Your Account Isn't Verified!

In order to create a playlist on Sporcle, you need to verify the email address you used during registration. Go to your Sporcle Settings to finish the process.

Report this User

Report this user for behavior that violates our Community Guidelines.

Details: